|
|
|
|
| LEADER |
00000nam a22000007a 4500 |
| 003 |
AR-RoUNA |
| 005 |
20260408062853.0 |
| 008 |
260319b |||||||| |||| 00| 0 spa d |
| 040 |
|
|
|a AR-RoUNA
|b spa
|d AR-RoUNA
|
| 041 |
|
|
|a spa
|h spa
|
| 044 |
|
|
|a ag
|
| 100 |
1 |
|
|a Direccion General de Comunicación Social. Municipalidad de Rosario
|9 27650
|
| 245 |
1 |
0 |
|a Programa de recuperacion y transformacion urbana. La ciudad de Rosario de siglo XXI /
|c Direccion General de Comunicación Social. Municipalidad de Rosario
|
| 260 |
|
|
|a Rosario, (Santa Fe, Argentina) :
|b Municipalidad de Rosario,
|c 1998/2000
|
| 300 |
|
|
|a [s.p]
|b fot. col.
|c 30x21 cm
|
| 650 |
|
4 |
|a Urbanizacion
|9 27651
|
| 650 |
|
4 |
|a Analisis territorial
|9 4009
|
| 650 |
|
4 |
|a Planes urbanos
|9 11
|
| 650 |
|
4 |
|a Areas metropolitanas
|9 94
|
| 650 |
|
4 |
|a Ordenamiento territorial
|9 1031
|
| 650 |
|
4 |
|a Problematica-Propuesta
|9 27652
|
| 651 |
|
0 |
|a Rosario (Santa Fe, Argentina)
|9 1246
|
| 908 |
|
|
|a Imp
|
| 930 |
|
|
|e 12308
|
| 942 |
|
|
|2 ddc
|c LIB
|
| 945 |
|
|
|a MIA
|d 2026-03-19
|
| 980 |
|
|
|6 1
|a Maricel Allasia
|g CRON CRON
|
| 999 |
|
|
|c 12367
|d 12367
|